| 000 | 01009nam a2200301 a 4500 | ||
|---|---|---|---|
| 001 | 000024832 | ||
| 005 | 20200930023409.0 | ||
| 008 | 110204s1982 sp a r 000 0 spa d | ||
| 040 |
_aDO-SdBNP _bspa _cBNPHU |
||
| 082 |
_axxxxx _bM593a |
||
| 245 | 0 | 0 |
_aMetodología activa : _breflexiones-experiencias / _cMar Codoni ... [et. al.]. |
| 260 |
_a[España] : _bAcción Educativa, _c1982. |
||
| 300 |
_a179 p. : _bil. ; _c20.5 cm. |
||
| 490 | 1 |
_aPapeles de Acción Educativa ; _v7 |
|
| 500 | _aIncluye notas al pie de las páginas. | ||
| 504 | _aIncluye referencias bibliográficas p. [178]. | ||
| 700 | 1 |
_aCodoni, Mar, _950963 |
|
| 700 | 1 |
_aEcheita, Gerardo _950964 |
|
| 700 | 1 |
_aFerrero, Blas _950965 |
|
| 700 | 1 |
_aFrochoso, Lourdes _950966 |
|
| 700 | 1 |
_aGarrido, María Jesús _950967 |
|
| 700 | 1 |
_aGuardia, Soledad _950968 |
|
| 700 | 1 |
_aMajo, Francisca _950969 |
|
| 700 | 1 |
_aMoro, Teresa _950970 |
|
| 700 | 1 |
_aVera, José _950971 |
|
| 830 | 0 |
_aPapeles de Acción Educativa ; _n7 _950972 |
|
| 049 | _aBNGR | ||
| 999 |
_c24325 _d24325 |
||